<?xml version="1.0" encoding="UTF-8"?>
<record
    xmlns:xsi="http://www.w3.org/2001/XMLSchema-instance"
    xsi:schemaLocation="http://www.loc.gov/MARC21/slim http://www.loc.gov/standards/marcxml/schema/MARC21slim.xsd"
    xmlns="http://www.loc.gov/MARC21/slim">

  <leader>01979nam a22002057a 4500</leader>
  <datafield tag="952" ind1=" " ind2=" ">
    <subfield code="0">0</subfield>
    <subfield code="1">0</subfield>
    <subfield code="2">lcc</subfield>
    <subfield code="4">0</subfield>
    <subfield code="7">0</subfield>
    <subfield code="a">11</subfield>
    <subfield code="b">11</subfield>
    <subfield code="d">2015-04-23</subfield>
    <subfield code="l">0</subfield>
    <subfield code="o">LA422 R53 1999</subfield>
    <subfield code="p">11 011737</subfield>
    <subfield code="r">2015-04-23</subfield>
    <subfield code="t">1</subfield>
    <subfield code="w">2015-04-23</subfield>
    <subfield code="y">LB</subfield>
  </datafield>
  <datafield tag="999" ind1=" " ind2=" ">
    <subfield code="c">93110</subfield>
    <subfield code="d">93110</subfield>
  </datafield>
  <controlfield tag="008">140701b1999    mx ||||| |||| 00| 0 spa d</controlfield>
  <datafield tag="020" ind1=" " ind2=" ">
    <subfield code="a">968-856-728-0 </subfield>
  </datafield>
  <datafield tag="050" ind1=" " ind2=" ">
    <subfield code="a">LA422 </subfield>
    <subfield code="b">R53 1999</subfield>
  </datafield>
  <datafield tag="100" ind1=" " ind2=" ">
    <subfield code="a">Ribeiro Riani, Lidio N&#xE9;stor</subfield>
    <subfield code="e">autor</subfield>
  </datafield>
  <datafield tag="245" ind1=" " ind2=" ">
    <subfield code="a">Axiolog&#xED;a educativa</subfield>
    <subfield code="b"> : Una vision Nacional </subfield>
    <subfield code="c">/ Lidio N&#xE9;stor, Ribeiro Riani</subfield>
  </datafield>
  <datafield tag="260" ind1=" " ind2=" ">
    <subfield code="a">M&#xE9;xico</subfield>
    <subfield code="b">: Plaza y Valdes : Centro Interdisciplinario de investigaci&#xF3;n y Docencia en Educaci&#xF3;n Tecnol&#xF3;gica</subfield>
    <subfield code="c">, 1999</subfield>
  </datafield>
  <datafield tag="300" ind1=" " ind2=" ">
    <subfield code="a">152 p&#xE1;ginas</subfield>
  </datafield>
  <datafield tag="504" ind1=" " ind2=" ">
    <subfield code="a">Bibliograf&#xED;a (pp. 149 - 152)</subfield>
  </datafield>
  <datafield tag="505" ind1=" " ind2=" ">
    <subfield code="a">Las causas de una ausencia  
Ideolog&#xED;a y valores  
Las utop&#xED;as del encargo  
An&#xE1;lisis de los supuestos previos  
Seguir&#xE1;n las naciones   
Permanencia de las ideolog&#xED;as   
Las conquistas del liberalismo pol&#xED;tico no ser&#xE1;n avasalladas por el liberalismo econ&#xF3;mico   
El destino de los partidos pol&#xED;ticos  
Prioridad de los valores  
Globalizaci&#xF3;n y valores  
El conocimiento, la cultura y los valores   
Necesidades, tecnolog&#xED;a y valores educativos  
Los encantos del poder ca&#xED;do y la globalizaci&#xF3;n del valor  
Segunda parte: An&#xE1;lisis del documento  
Conalep, varios 1997   
Conalep, varios 1998  
Sindicato Nacional de Trabajadores de la Educaci&#xF3;n (SNTE). Segundo Congreso Nacional de Educaci&#xF3;n   
Alducin Abitia, Enrique, 1989. Los valores de los mexicanos. M&#xE9;xico entre la tradici&#xF3;n y la modernidad   
Alducin Abitia , Enrique Tomo II M&#xE9;xico en tiempos de cambio   
El reduccionismo axiol&#xF3;gico, un factor de desprestigio y empobrecimiento   
&#xBF;Qu&#xE9; valores proponemos para una pol&#xED;tica educativa?   
Algunos valores de la personalidad a tomar en cuenta en nuestro proceso educativo   
Emotividad, raz&#xF3;n y valores  
El destino del hombre como un proyecto axiol&#xF3;gico renovado </subfield>
  </datafield>
  <datafield tag="519" ind1=" " ind2=" ">
    <subfield code="a">Material complementario / </subfield>
    <subfield code="b">Pedagog&#xED;a / </subfield>
    <subfield code="d">(11 011737)</subfield>
  </datafield>
  <datafield tag="650" ind1=" " ind2=" ">
    <subfield code="2">EDUCACI&#xD3;N</subfield>
    <subfield code="x">NETAS Y OBJETIVOS</subfield>
    <subfield code="z">M&#xC9;XICO</subfield>
  </datafield>
  <datafield tag="650" ind1=" " ind2=" ">
    <subfield code="a">SOCIOLOG&#xCD;A DE LA EDUCACI&#xD3;N</subfield>
    <subfield code="z">M&#xC9;XICO</subfield>
  </datafield>
  <datafield tag="650" ind1=" " ind2=" ">
    <subfield code="a">EDUCACI&#xD3;N</subfield>
    <subfield code="x">FILOSOF&#xCD;A</subfield>
  </datafield>
  <datafield tag="942" ind1=" " ind2=" ">
    <subfield code="c">LB</subfield>
  </datafield>
</record>
